<?xml version="1.0" encoding="UTF-8"?>
<record
    xmlns:xsi="http://www.w3.org/2001/XMLSchema-instance"
    xsi:schemaLocation="http://www.loc.gov/MARC21/slim http://www.loc.gov/standards/marcxml/schema/MARC21slim.xsd"
    xmlns="http://www.loc.gov/MARC21/slim">

  <leader>03920nam a2200301 a 4500</leader>
  <controlfield tag="003">OSt</controlfield>
  <controlfield tag="005">20260210113609.0</controlfield>
  <controlfield tag="007">cr ||||||a|c|a</controlfield>
  <controlfield tag="008">230524s2019    mx a|||fom||| 001 0 spa d</controlfield>
  <datafield tag="040" ind1=" " ind2=" ">
    <subfield code="e">rda</subfield>
  </datafield>
  <datafield tag="100" ind1="1" ind2=" ">
    <subfield code="9">187156</subfield>
    <subfield code="a">Espindola Eugenio, Crescencio</subfield>
  </datafield>
  <datafield tag="245" ind1="1" ind2="0">
    <subfield code="a">Producci&#xF3;n de semillas de cuatro especies nativas con potencial para restaurar ecosistemas /</subfield>
    <subfield code="c">por Crescencio Espindola Eugenio; director de tesis Jorge Luis Castrell&#xF3;n Montelongo.</subfield>
  </datafield>
  <datafield tag="264" ind1=" " ind2="1">
    <subfield code="a">Chapingo, M&#xE9;xico :</subfield>
    <subfield code="b">El autor,</subfield>
    <subfield code="c">2019.</subfield>
  </datafield>
  <datafield tag="300" ind1=" " ind2=" ">
    <subfield code="a">1 recurso en l&#xED;nea (103  p&#xE1;ginas):</subfield>
    <subfield code="b">figuras, cuadros.</subfield>
  </datafield>
  <datafield tag="336" ind1=" " ind2=" ">
    <subfield code="2">rdacontent</subfield>
    <subfield code="a">texto</subfield>
    <subfield code="b">txt</subfield>
  </datafield>
  <datafield tag="337" ind1=" " ind2=" ">
    <subfield code="2">rdamedia</subfield>
    <subfield code="a">computadora</subfield>
    <subfield code="b">c</subfield>
  </datafield>
  <datafield tag="338" ind1=" " ind2=" ">
    <subfield code="2">rdacarrier</subfield>
    <subfield code="a">recurso en l&#xED;nea</subfield>
    <subfield code="b">cr</subfield>
  </datafield>
  <datafield tag="502" ind1=" " ind2=" ">
    <subfield code="b">IRNR</subfield>
    <subfield code="c">Suelos</subfield>
    <subfield code="d">2019.</subfield>
    <subfield code="g">LIC</subfield>
  </datafield>
  <datafield tag="504" ind1=" " ind2=" ">
    <subfield code="a">Incluye referencias bibliogr&#xE1;ficas: p&#xE1;ginas 81-86.</subfield>
  </datafield>
  <datafield tag="520" ind1=" " ind2=" ">
    <subfield code="a">El siguiente estudio se realiz&#xF3; en el campo experimental &#x201C;Mario &#xC1;vila Hern&#xE1;ndez&#x201D;, se colect&#xF3; semillas de cuatro especies nativas Crotalaria pumila, Medicago polymorpha, Cosmos bipinnatus y Dalea zimapanica, las cuales se almacenaron durante nueve meses y posteriormente se evalu&#xF3; viabilidad, germinaci&#xF3;n y respuesta a tratamientos de escarificaci&#xF3;n. El objetivo de este estudio fue evaluar la producci&#xF3;n de semilla total por individuo y determinar los componentes de rendimiento de las cuatro especies, as&#xED; como la viabilidad y su potencial para germinar y la respuesta a tratamientos de escarificaci&#xF3;n. La determinaci&#xF3;n de viabilidad de la semilla y porcentaje de germinaci&#xF3;n, se bas&#xF3; en las normas de la Asociaci&#xF3;n Internacional de An&#xE1;lisis de Semillas (ISTA). Los resultados obtenidos en los ensayos de germinaci&#xF3;n en invernadero y c&#xE1;mara de germinaci&#xF3;n fueron los siguientes: Para las especies Crotalaria pumila y Medicago polymorpha los valores de germinaci&#xF3;n son iguales en ambas condiciones, eso significa que no hay aumentos y disminuciones en germinaci&#xF3;n si estas se hacen en la c&#xE1;mara germinadora o en el invernadero, caso contrario sucede con las especies Cosmos bipinnatus, en la c&#xE1;mara germinadora se obtuvo un valor de 5.7 % fue menor a la condici&#xF3;n del invernadero que se registr&#xF3; un valor de 11.25% , en la especie Dalea zimapanica presentan diferencias en el porcentaje de germinaci&#xF3;n, para la condici&#xF3;n de c&#xE1;mara germinadora presenta un valor de 5 % y el invernadero de 3.7%. En los resultados de viabilidad la especie con porcentaje m&#xE1;s alto fue de Cosmos bipinnatus 87% de semillas viables. El componente de rendimiento que presenta mayor correlaci&#xF3;n sobre la producci&#xF3;n de semilla para las cuatro especies fue el n&#xFA;mero de inflorescencia con un valor de 0.7 para la especie Crotalaria pumila, Cosmos bipinnatus un valor de correlaci&#xF3;n de 0.95 y para la especie Medicago polymorpha 0.97 en cuanto el componente de altura de la planta los valores de correlaci&#xF3;n m&#xE1;s altos fueron para la especie Medicago polymorpha con un valor de 0.67 y la especie Cosmos bipinnatus con un valor de correlaci&#xF3;n de 0.55.La escarificaci&#xF3;n de semillas con &#xE1;cido sulf&#xFA;rico aument&#xF3; el porcentaje de germinaci&#xF3;n para las cuatro especies, en el caso de Dalea zimapanica aument&#xF3; significativamente con un valor de 38 % en comparaci&#xF3;n a las semillas que no se les realiz&#xF3; escarificaci&#xF3;n, Crotalaria pumila presento una germinaci&#xF3;n del 38.2 %, cosmos bipinnatus con un valor de 28.7 % y la especie Medicago polymorpha con 2.5%. La producci&#xF3;n de semilla m&#xE1;s alta fue para la especie Crotalaria pumila con un valor de 54kg ha-1.</subfield>
  </datafield>
  <datafield tag="650" ind1=" " ind2="4">
    <subfield code="9">103933</subfield>
    <subfield code="a">Semillas</subfield>
    <subfield code="x">Viabilidad</subfield>
  </datafield>
  <datafield tag="650" ind1=" " ind2="4">
    <subfield code="9">103940</subfield>
    <subfield code="a">Semillas forestales</subfield>
    <subfield code="x">Germinaci&#xF3;n</subfield>
  </datafield>
  <datafield tag="650" ind1=" " ind2="4">
    <subfield code="9">95474</subfield>
    <subfield code="a">Reforestaci&#xF3;n</subfield>
  </datafield>
  <datafield tag="650" ind1=" " ind2="7">
    <subfield code="9">37470</subfield>
    <subfield code="a">Escarificaci&#xF3;n</subfield>
  </datafield>
  <datafield tag="700" ind1="0" ind2=" ">
    <subfield code="a">Castrell&#xF3;n Montelongo, Jorge Luis</subfield>
    <subfield code="e">Director de tesis.</subfield>
    <subfield code="9">20309</subfield>
  </datafield>
  <datafield tag="856" ind1=" " ind2=" ">
    <subfield code="u">http://10.13.5.2/tesis/tl/Espindola_Eugenio_Crecencio.pdf</subfield>
    <subfield code="z">DESCARGAR PDF</subfield>
  </datafield>
  <datafield tag="942" ind1=" " ind2=" ">
    <subfield code="2">Clasificaci&#xF3;n Universidad Aut&#xF3;noma Chapingo</subfield>
    <subfield code="c">TD</subfield>
  </datafield>
  <datafield tag="999" ind1=" " ind2=" ">
    <subfield code="c">218816</subfield>
    <subfield code="d">218816</subfield>
  </datafield>
  <datafield tag="952" ind1=" " ind2=" ">
    <subfield code="0">0</subfield>
    <subfield code="1">0</subfield>
    <subfield code="2">local</subfield>
    <subfield code="4">0</subfield>
    <subfield code="5">1</subfield>
    <subfield code="7">0</subfield>
    <subfield code="8">TesDigL</subfield>
    <subfield code="a">BD</subfield>
    <subfield code="b">BD</subfield>
    <subfield code="c">E_L</subfield>
    <subfield code="d">2023-05-24</subfield>
    <subfield code="l">0</subfield>
    <subfield code="o">Tesis digital</subfield>
    <subfield code="r">2023-05-24 00:00:00</subfield>
    <subfield code="w">2023-05-24</subfield>
    <subfield code="y">TD</subfield>
  </datafield>
</record>
